000 00454nam a2200169Ia 4500
003 LK-CoDNM
008 010623t1988 xxu||||| |||| 00| 1 eng d
040 _aLK-CoDNM
_dLK-CoDNM
_eLK-CoDNM
041 _aeng
080 _a(x)378.9332.1 CEN
245 _aRural banking staff training college : programme calender 1988
260 _bCentral bank of Sri Lanka
_c1988
300 _b30, 25 cm
650 _aEducation
650 _aTraining
942 _cBK
999 _c113918
_d113918